[Event "TOP 16"]
[Site "?"]
[Date "2008.04.13"]
[Round "7.1"]
[White "Gurevich, Mikhail"]
[Black "Ninov, Nikolai"]
[Result "1/2-1/2"]
[WhiteElo "2611"]
[BlackElo "2509"]
[PlyCount "107"]
[EventDate "2008.??.??"]

1. c4 c5 2. g3 Nc6 3. Bg2 g6 4. Nc3 Bg7 5. a3 Rb8 6. e3 a6 7. Nge2 b5 8. cxb5
axb5 9. d4 b4 10. axb4 cxd4 11. exd4 Nxb4 12. d5 Bb7 13. Ra4 Ba8 14. Be3 Qc8
15. Ba7 Rb7 16. O-O d6 17. Qa1 Nf6 18. Bc5 dxc5 19. Rxa8 Rb8 20. Qa4+ Kf8 21.
Rxb8 Qxb8 22. Qa5 Nd3 23. Rd1 c4 24. b3 Ng4 25. bxc4 Ngxf2 26. d6 Nxd1 27. d7
Bxc3 28. d8=Q+ Kg7 29. Qxb8 Bxa5 30. Qb3 Rd8 31. Bd5 N1f2 32. Nf4 Nxf4 33. gxf4
Ng4 34. Qa3 Bb6+ 35. c5 Bc7 36. Bf3 Nf6 37. f5 Rd2 38. Qe3 Bxh2+ 39. Kh1 Ra2
40. Qxe7 Bf4 41. fxg6 hxg6 42. c6 Rc2 43. Qb4 g5 44. Qa4 Rc3 45. Kg2 Be5 46.
Qa5 Rc2+ 47. Kf1 Bf4 48. Qa4 Rc3 49. Ke2 Re3+ 50. Kf2 Rc3 51. Kg2 Be5 52. Qa5
Rc2+ 53. Kf1 Bf4 54. Qf5 1/2-1/2

[Event "TOP 16"]
[Site "?"]
[Date "2008.04.13"]
[Round "7.3"]
[White "Rausis, Igor"]
[Black "Drasko, Milan"]
[Result "1/2-1/2"]
[WhiteElo "2511"]
[BlackElo "2536"]
[PlyCount "79"]
[EventDate "2008.??.??"]

1. Nf3 Nf6 2. c4 e6 3. g3 d5 4. Bg2 dxc4 5. Qa4+ Nbd7 6. Qxc4 c5 7. Qb3 Rb8 8.
d3 Bd6 9. a4 b6 10. Na3 a6 11. Bd2 O-O 12. Nc4 Bc7 13. O-O Bb7 14. Qa3 b5 15.
axb5 axb5 16. Na5 Bd5 17. b4 c4 18. Rfc1 cxd3 19. Qxd3 Ne5 20. Nxe5 Bxe5 21.
Bc3 Bxc3 22. Rxc3 Bxg2 23. Kxg2 Qxd3 24. Rxd3 Rbc8 25. Rad1 h6 26. R1d2 Ne4 27.
Rb2 Rc7 28. Nb3 Rfc8 29. Nd4 Nc3 30. e3 Rc4 31. Rdd2 g6 32. h4 Kg7 33. Ne2 Ne4
34. Rd4 e5 35. Rd5 Rc2 36. Rxc2 Rxc2 37. Rxe5 f5 38. Kf1 Nd2+ 39. Kg2 Ne4 40.
Kf1 1/2-1/2

[Event "TOP 16"]
[Site "?"]
[Date "2008.04.13"]
[Round "7.4"]
[White "Garro, Pierre"]
[Black "Degraeve, Jean-Marc"]
[Result "0-1"]
[WhiteElo "2173"]
[BlackElo "2556"]
[PlyCount "58"]
[EventDate "2008.??.??"]

1. e4 Nf6 2. e5 Nd5 3. d4 d6 4. c4 Nb6 5. exd6 exd6 6. Nc3 Be7 7. Bd3 Nc6 8.
Nge2 Bg4 9. Be3 O-O 10. O-O Nb4 11. d5 Re8 12. Qd2 Nxd3 13. Qxd3 Nd7 14. b3 Bf6
15. Nd4 Bh5 16. Qd2 Nc5 17. f4 Qd7 18. f5 Bg4 19. h3 Bxd4 20. Bxd4 Bxf5 21. Qg5
Bg6 22. Rf3 Ne4 23. Nxe4 Rxe4 24. Bc3 Rae8 25. Raf1 f6 26. Qg3 a6 27. Re1 Rxe1+
28. Bxe1 Re2 29. a3 Be4 0-1

[Event "TOP 16"]
[Site "?"]
[Date "2008.04.13"]
[Round "7.5"]
[White "Collas, Didier"]
[Black "Comte, Frederic"]
[Result "1/2-1/2"]
[WhiteElo "2446"]
[BlackElo "2190"]
[PlyCount "100"]
[EventDate "2008.??.??"]

1. Nf3 Nf6 2. c4 c6 3. Nc3 g6 4. d4 Bg7 5. e4 d6 6. Be2 O-O 7. O-O Bg4 8. Be3
Nbd7 9. Ne1 Bxe2 10. Qxe2 e5 11. d5 Qe7 12. Nd3 Ne8 13. dxc6 bxc6 14. c5 f5 15.
f3 Qe6 16. cxd6 Nxd6 17. Nc5 Nxc5 18. Bxc5 Rfd8 19. Rfd1 Nc4 20. b3 Nb6 21. Qa6
Nd7 22. Qa5 Bf8 23. Bxf8 Rxf8 24. Qc7 Nb6 25. Rd6 Qf7 26. Qxf7+ Kxf7 27. exf5
gxf5 28. Re1 Rfe8 29. Rxc6 Rac8 30. Rxc8 Rxc8 31. Re3 Ke6 32. Kf2 h5 33. Rd3 h4
34. g4 hxg3+ 35. hxg3 Nd7 36. b4 Nf6 37. a3 e4 38. Re3 Nd5 39. Nxd5 Kxd5 40. g4
Rc2+ 41. Kg3 fxg4 42. fxe4+ Kd4 43. Re1 Ke5 44. Kxg4 Rc3 45. Ra1 Kxe4 46. a4
Kd5 47. b5 Kc5 48. Kf4 Kb6 49. Ke5 a6 50. Kd4 Rc8 1/2-1/2

[Event "TOP 16"]
[Site "?"]
[Date "2008.04.13"]
[Round "7.6"]
[White "Vincent, Stephane"]
[Black "Eliet, Nicolas"]
[Result "1/2-1/2"]
[WhiteElo "2235"]
[BlackElo "2451"]
[PlyCount "73"]
[EventDate "2008.??.??"]

1. d4 d5 2. Nf3 Nf6 3. c4 c6 4. Nc3 dxc4 5. a4 Bf5 6. e3 e6 7. Bxc4 Bb4 8. O-O
Nbd7 9. Qe2 Bg6 10. Ne5 O-O 11. Nxg6 hxg6 12. Rd1 Qa5 13. e4 e5 14. Na2 Be7 15.
Bd2 Qc7 16. Bc3 exd4 17. Bxd4 Ne5 18. Bb3 Rad8 19. h3 c5 20. Be3 c4 21. Rdc1
Qc6 22. f4 Qxe4 23. Nc3 Qd3 24. fxe5 Qxe2 25. Nxe2 Nd5 26. Rxc4 Nxe3 27. Rc7
Bb4 28. Kf2 Nf5 29. g4 Ne7 30. Rd1 Rxd1 31. Bxd1 Rd8 32. Rxb7 Nc6 33. e6 Rxd1
34. Rxb4 fxe6 35. Rc4 Ne5 36. Rc8+ Kh7 37. Rc7 1/2-1/2

[Event "TOP 16"]
[Site "?"]
[Date "2008.04.13"]
[Round "7.7"]
[White "Payen, Arnaud"]
[Black "Langevin, Philippe"]
[Result "1-0"]
[WhiteElo "2372"]
[BlackElo "2147"]
[PlyCount "107"]
[EventDate "2008.??.??"]

1. Nf3 Nf6 2. c4 g6 3. Nc3 Bg7 4. g3 O-O 5. Bg2 d6 6. O-O Nc6 7. d3 Bd7 8. Rb1
Qc8 9. Re1 a5 10. a3 Ng4 11. d4 a4 12. h3 Nf6 13. Kh2 e5 14. dxe5 dxe5 15. Bg5
h6 16. Bxf6 Bxf6 17. Nxa4 Rd8 18. Nc3 Bf5 19. Nd5 Bxb1 20. Nxf6+ Kg7 21. Nh5+
gxh5 22. Qxb1 Qe6 23. Nh4 Ne7 24. Bxb7 Rab8 25. Bf3 Qf6 26. b4 Rd4 27. Kg2 Rbd8
28. c5 Qg5 29. Be4 Rxe4 30. Qxe4 Rd4 31. f4 Rxe4 32. fxg5 Re3 33. gxh6+ Kxh6
34. Rd1 Rxe2+ 35. Kf1 Ra2 36. Rd7 Nc6 37. Rxf7 Ra1+ 38. Kg2 Nd4 39. Rf2 Rxa3
40. Nf5+ Kg5 41. h4+ Kg6 42. Nxd4 exd4 43. Rf4 d3 44. Kf2 c6 45. Ke3 Rb3 46.
Kd2 Kh6 47. Rf6+ Kg7 48. Rxc6 Rxb4 49. Rd6 Rb2+ 50. Kxd3 Rb3+ 51. Kc4 Rxg3 52.
c6 Kf7 53. c7 Ke7 54. c8=Q 1-0

[Event "TOP 16"]
[Site "?"]
[Date "2008.04.13"]
[Round "7.8"]
[White "Giua, Stephanie"]
[Black "Collas, Silvia"]
[Result "0-1"]
[WhiteElo "1994"]
[BlackElo "2395"]
[PlyCount "94"]
[EventDate "2008.??.??"]

1. e4 c5 2. Nc3 Nc6 3. g3 g6 4. Bg2 Bg7 5. d3 Rb8 6. Be3 Nd4 7. Qd2 Qa5 8. Nge2
d6 9. h3 b5 10. f4 Nxe2 11. Kxe2 Bb7 12. Kf2 b4 13. Nd1 f5 14. Re1 Nf6 15. exf5
gxf5 16. Qe2 O-O 17. Bd2 e5 18. Kg1 Bxg2 19. Qxg2 c4 20. dxc4 Qc5+ 21. Kh1 Qxc4
22. Ne3 Qe4 23. fxe5 dxe5 24. c3 Qxg2+ 25. Kxg2 Ne4 26. Rad1 bxc3 27. Bxc3 Nxc3
28. bxc3 Rb2+ 29. Kg1 Rxa2 30. c4 f4 31. gxf4 exf4 32. Nd5 f3 33. Re4 a5 34. c5
Rg2+ 35. Kf1 Rh2 36. Kg1 Rxh3 37. c6 Kh8 38. c7 f2+ 39. Kg2 Rd3 40. Rf1 Rxd5
41. Rxf2 Rg8 42. Rf7 Rc5 43. Kf3 h5 44. Kf4 Kh7 45. Rd7 Rf8+ 46. Ke3 Kg6 47.
Ree7 Bf6 0-1